Moderné metódy riadenia kvality v podniku
Gespeichert in:
| 1. Verfasser: | |
|---|---|
| Weitere Verfasser: | |
| Format: | Manuskript Buch |
| Sprache: | Slowakisch |
| Veröffentlicht: |
2015
|
| Schlagworte: | |
| Online-Zugang: | http://is.stuba.sk/zp/portal_zp.pl?podrobnosti=93692 |
| Tags: |
Keine Tags, Fügen Sie das erste Tag hinzu!
|
MARC
| LEADER | 00000ntm a22000003a 4500 | ||
|---|---|---|---|
| 001 | stuzp52914 | ||
| 003 | SK-STU | ||
| 005 | 20160719154323.1 | ||
| 007 | ta | ||
| 008 | 150427s2015----xo-----f-mn---000-0-slo-d | ||
| 040 | |a STU |b slo | ||
| 041 | 0 | |a slo | |
| 100 | 1 | |a Orián, Filip |u 902024 |4 aut |U Ústav manažmentu STU |T ÚM - Oddelenie manažmentu chemických a potravinárskych technológií |X 61862 |U R2024 |Y 408 |7 61862 | |
| 242 | 0 | 1 | |a Modern Methods of Quality Management in the Enterprise |y eng |
| 245 | 1 | 0 | |a Moderné metódy riadenia kvality v podniku |
| 260 | |c 2015 | ||
| 650 | 4 | |a manažment kvality |2 slo | |
| 650 | 4 | |a moderné metódy riadenia kvality |2 slo | |
| 650 | 4 | |a ISO |2 slo | |
| 650 | 4 | |a Senoble |2 slo | |
| 650 | 4 | |a kvalita |2 slo | |
| 650 | 4 | |a quality |2 eng | |
| 650 | 4 | |a quality management |2 eng | |
| 650 | 4 | |a modern methods for quality control |2 eng | |
| 650 | 4 | |a ISO |2 eng | |
| 650 | 4 | |a Senoble |2 eng | |
| 700 | 1 | |a Plchová, Jana |4 ths |X 1766 |7 A000001766 | |
| 856 | 4 | |u http://is.stuba.sk/zp/portal_zp.pl?podrobnosti=93692 | |
| SQL | |a stuzp52914 |b DBP |c SLO |d Moderné metódy riadenia kvality v podniku |e 61862 |f Orián, Filip |g 902024 |h 1766 |i Plchová, Jana |j 20150714 |k 104 |l 04 |m http://is.stuba.sk/zp/portal_zp.pl?podrobnosti=93692 |n B-AIM |o 5.2.14. automatizácia, 5.2.52. priemyselné inžinierstvo | ||